<?xml version="1.0" encoding="UTF-8"?>
<record
    xmlns:xsi="http://www.w3.org/2001/XMLSchema-instance"
    xsi:schemaLocation="http://www.loc.gov/MARC21/slim http://www.loc.gov/standards/marcxml/schema/MARC21slim.xsd"
    xmlns="http://www.loc.gov/MARC21/slim">

  <leader>02105cam a2200313 ia4500</leader>
  <controlfield tag="003">SA-RiAUC</controlfield>
  <controlfield tag="005">20250303114521.0</controlfield>
  <controlfield tag="008">250303s2005    ts a   g     f100 0 ara c</controlfield>
  <datafield tag="024" ind1="0" ind2=" ">
    <subfield code="a">00000000825557</subfield>
  </datafield>
  <datafield tag="040" ind1=" " ind2=" ">
    <subfield code="a">OM-MuSQU</subfield>
    <subfield code="b">ara</subfield>
    <subfield code="c">SA-RiAUC</subfield>
    <subfield code="d">AE-DuMBRL</subfield>
    <subfield code="e">rda</subfield>
  </datafield>
  <datafield tag="043" ind1=" " ind2=" ">
    <subfield code="a">a-ts---</subfield>
  </datafield>
  <datafield tag="082" ind1="0" ind2="4">
    <subfield code="a">332.1221</subfield>
    <subfield code="q">SA-RiAUC</subfield>
  </datafield>
  <datafield tag="090" ind1=" " ind2=" ">
    <subfield code="a">332.1221</subfield>
    <subfield code="b">&#x62C; &#x627; &#x645;</subfield>
  </datafield>
  <datafield tag="110" ind1="2" ind2=" ">
    <subfield code="a">&#x62C;&#x627;&#x645;&#x639;&#x629; &#x627;&#x644;&#x625;&#x645;&#x627;&#x631;&#x627;&#x62A; &#x627;&#x644;&#x639;&#x631;&#x628;&#x64A;&#x629; &#x627;&#x644;&#x645;&#x62A;&#x62D;&#x62F;&#x629;.</subfield>
    <subfield code="b">&#x643;&#x644;&#x64A;&#x629; &#x627;&#x644;&#x634;&#x631;&#x64A;&#x639;&#x629; &#x648;&#x627;&#x644;&#x642;&#x627;&#x646;&#x648;&#x646;.</subfield>
    <subfield code="b">&#x645;&#x624;&#x62A;&#x645;&#x631; &#x639;&#x644;&#x645;&#x64A;</subfield>
    <subfield code="n">(14 :</subfield>
    <subfield code="d">2005 :</subfield>
    <subfield code="c">&#x62F;&#x628;&#x64A;&#x60C; &#x627;&#x644;&#x625;&#x645;&#x627;&#x631;&#x627;&#x62A; &#x627;&#x644;&#x639;&#x631;&#x628;&#x64A;&#x629; &#x627;&#x644;&#x645;&#x62A;&#x62D;&#x62F;&#x629;)</subfield>
  </datafield>
  <datafield tag="245" ind1="1" ind2="0">
    <subfield code="a">&#x628;&#x62D;&#x648;&#x62B; &#x627;&#x644;&#x645;&#x624;&#x62A;&#x645;&#x631; &#x627;&#x644;&#x639;&#x644;&#x645;&#x64A; &#x627;&#x644;&#x633;&#x646;&#x648;&#x64A; &#x627;&#x644;&#x631;&#x627;&#x628;&#x639; &#x639;&#x634;&#x631; :</subfield>
    <subfield code="b">&#x627;&#x644;&#x645;&#x624;&#x633;&#x633;&#x627;&#x62A; &#x627;&#x644;&#x645;&#x627;&#x644;&#x64A;&#x629; &#x627;&#x644;&#x625;&#x633;&#x644;&#x627;&#x645;&#x64A;&#x629; : &#x645;&#x639;&#x627;&#x644;&#x645; &#x627;&#x644;&#x648;&#x627;&#x642;&#x639; &#x648;&#x622;&#x641;&#x627;&#x642; &#x627;&#x644;&#x645;&#x633;&#x62A;&#x642;&#x628;&#x644; : 7-9 &#x631;&#x628;&#x64A;&#x639; &#x627;&#x644;&#x622;&#x62E;&#x631; 1426 &#x647;&#x62C;&#x631;&#x64A;&#x627; &#x627;&#x644;&#x645;&#x648;&#x627;&#x641;&#x642; 15-17 &#x645;&#x627;&#x64A;&#x648; 2005 &#x644;&#x644;&#x645;&#x64A;&#x644;&#x627;&#x62F; = Proceeding of the 14th annual conference : Islamic financial institutions : current aspects &amp; future prospects /</subfield>
    <subfield code="c">[&#x62A;&#x646;&#x638;&#x64A;&#x645;] &#x643;&#x644;&#x64A;&#x629; &#x627;&#x644;&#x634;&#x631;&#x64A;&#x639;&#x629; &#x648;&#x627;&#x644;&#x642;&#x627;&#x646;&#x648;&#x646; &#x628;&#x62C;&#x627;&#x645;&#x639;&#x629; &#x627;&#x644;&#x625;&#x645;&#x627;&#x631;&#x627;&#x62A; &#x627;&#x644;&#x639;&#x631;&#x628;&#x64A;&#x629; &#x627;&#x644;&#x645;&#x62A;&#x62D;&#x62F;&#x629;&#x60C; &#x648;&#x63A;&#x631;&#x641;&#x629; &#x62A;&#x62C;&#x627;&#x631;&#x629; &#x648;&#x635;&#x646;&#x627;&#x639;&#x629; &#x62F;&#x628;&#x64A;.</subfield>
  </datafield>
  <datafield tag="246" ind1="3" ind2="1">
    <subfield code="a">Proceeding of the 14th annual conference :</subfield>
    <subfield code="b">Islamic financial institutions : current aspects &amp; future prospects</subfield>
  </datafield>
  <datafield tag="264" ind1=" " ind2="1">
    <subfield code="a">&#x627;&#x644;&#x639;&#x64A;&#x646;&#x60C; &#x627;&#x644;&#x625;&#x645;&#x627;&#x631;&#x627;&#x62A; &#x627;&#x644;&#x639;&#x631;&#x628;&#x64A;&#x629; &#x627;&#x644;&#x645;&#x62A;&#x62D;&#x62F;&#x629; :</subfield>
    <subfield code="b">&#x62C;&#x627;&#x645;&#x639;&#x629; &#x627;&#x644;&#x625;&#x645;&#x627;&#x631;&#x627;&#x62A; &#x627;&#x644;&#x639;&#x631;&#x628;&#x64A;&#x629; &#x627;&#x644;&#x645;&#x62A;&#x62D;&#x62F;&#x629;&#x60C;</subfield>
    <subfield code="c">2005.</subfield>
  </datafield>
  <datafield tag="300" ind1=" " ind2=" ">
    <subfield code="a">5 &#x645;&#x62C;&#x644;&#x62F; :</subfield>
    <subfield code="b">&#x625;&#x64A;&#x636;&#x627;&#x62D;&#x64A;&#x627;&#x62A; &#x61B;</subfield>
    <subfield code="c">24 &#xD7; 17 &#x633;&#x645;</subfield>
  </datafield>
  <datafield tag="336" ind1=" " ind2=" ">
    <subfield code="a">&#x646;&#x635;</subfield>
    <subfield code="b">txt</subfield>
    <subfield code="2">rdacontent</subfield>
    <subfield code="3">&#x643;&#x62A;&#x627;&#x628;</subfield>
  </datafield>
  <datafield tag="337" ind1=" " ind2=" ">
    <subfield code="a">&#x628;&#x62F;&#x648;&#x646; &#x648;&#x633;&#x64A;&#x637;</subfield>
    <subfield code="b">n</subfield>
    <subfield code="2">rdamedia</subfield>
  </datafield>
  <datafield tag="338" ind1=" " ind2=" ">
    <subfield code="a">&#x645;&#x62C;&#x644;&#x62F;</subfield>
    <subfield code="b">nc</subfield>
    <subfield code="2">rdacarrier</subfield>
  </datafield>
  <datafield tag="650" ind1=" " ind2="7">
    <subfield code="a">&#x627;&#x644;&#x628;&#x646;&#x648;&#x643; &#x627;&#x644;&#x625;&#x633;&#x644;&#x627;&#x645;&#x64A;&#x629;</subfield>
    <subfield code="v">&#x645;&#x624;&#x62A;&#x645;&#x631;&#x627;&#x62A;</subfield>
    <subfield code="2">aucsh</subfield>
  </datafield>
  <datafield tag="650" ind1=" " ind2="7">
    <subfield code="a">&#x627;&#x644;&#x645;&#x624;&#x633;&#x633;&#x627;&#x62A; &#x627;&#x644;&#x645;&#x627;&#x644;&#x64A;&#x629;</subfield>
    <subfield code="z">&#x627;&#x644;&#x628;&#x644;&#x627;&#x62F; &#x627;&#x644;&#x625;&#x633;&#x644;&#x627;&#x645;&#x64A;&#x629;</subfield>
    <subfield code="v">&#x645;&#x624;&#x62A;&#x645;&#x631;&#x627;&#x62A;</subfield>
    <subfield code="2">aucsh</subfield>
  </datafield>
  <datafield tag="650" ind1=" " ind2="7">
    <subfield code="a">&#x627;&#x644;&#x627;&#x642;&#x62A;&#x635;&#x627;&#x62F; &#x627;&#x644;&#x625;&#x633;&#x644;&#x627;&#x645;&#x64A;</subfield>
    <subfield code="v">&#x645;&#x624;&#x62A;&#x645;&#x631;&#x627;&#x62A;</subfield>
    <subfield code="2">aucsh</subfield>
  </datafield>
  <datafield tag="710" ind1="2" ind2=" ">
    <subfield code="a">&#x63A;&#x631;&#x641;&#x629; &#x62A;&#x62C;&#x627;&#x631;&#x629; &#x648;&#x635;&#x646;&#x627;&#x639;&#x629; &#x62F;&#x628;&#x64A;</subfield>
    <subfield code="e">&#x645;&#x646;&#x638;&#x645;.</subfield>
  </datafield>
  <datafield tag="710" ind1="2" ind2=" ">
    <subfield code="a">&#x62C;&#x627;&#x645;&#x639;&#x629; &#x627;&#x644;&#x625;&#x645;&#x627;&#x631;&#x627;&#x62A; &#x627;&#x644;&#x639;&#x631;&#x628;&#x64A;&#x629; &#x627;&#x644;&#x645;&#x62A;&#x62D;&#x62F;&#x629;.</subfield>
    <subfield code="b">&#x643;&#x644;&#x64A;&#x629; &#x627;&#x644;&#x634;&#x631;&#x64A;&#x639;&#x629; &#x648;&#x627;&#x644;&#x642;&#x627;&#x646;&#x648;&#x646;</subfield>
    <subfield code="e">&#x645;&#x646;&#x638;&#x645;.</subfield>
  </datafield>
  <datafield tag="942" ind1=" " ind2=" ">
    <subfield code="2">ddc</subfield>
    <subfield code="c">BOOK</subfield>
  </datafield>
  <datafield tag="949" ind1=" " ind2=" ">
    <subfield code="a">SA-JeALM</subfield>
    <subfield code="d">250303</subfield>
    <subfield code="u">khaled123</subfield>
    <subfield code="n">1</subfield>
  </datafield>
  <datafield tag="952" ind1=" " ind2=" ">
    <subfield code="0">0</subfield>
    <subfield code="1">0</subfield>
    <subfield code="2">ddc</subfield>
    <subfield code="3">&#x627;&#x644;&#x645;&#x62C;&#x644;&#x62F; &#x627;&#x644;&#x627;&#x648;&#x644; </subfield>
    <subfield code="4">0</subfield>
    <subfield code="7">0</subfield>
    <subfield code="a">WAHAB</subfield>
    <subfield code="b">WAHAB</subfield>
    <subfield code="d">2025-03-03</subfield>
    <subfield code="l">0</subfield>
    <subfield code="o">332.1221 &#x62C; &#x627; &#x645;</subfield>
    <subfield code="p">000010445</subfield>
    <subfield code="r">2025-03-03 11:48:03</subfield>
    <subfield code="w">2025-03-03</subfield>
    <subfield code="y">BOOK</subfield>
  </datafield>
  <datafield tag="952" ind1=" " ind2=" ">
    <subfield code="0">0</subfield>
    <subfield code="1">0</subfield>
    <subfield code="2">ddc</subfield>
    <subfield code="3">&#x627;&#x644;&#x645;&#x62C;&#x644;&#x62F; &#x627;&#x644;&#x62B;&#x627;&#x644;&#x62B; </subfield>
    <subfield code="4">0</subfield>
    <subfield code="7">0</subfield>
    <subfield code="a">WAHAB</subfield>
    <subfield code="b">WAHAB</subfield>
    <subfield code="d">2025-03-03</subfield>
    <subfield code="l">0</subfield>
    <subfield code="o">332.1221 &#x62C; &#x627; &#x645;</subfield>
    <subfield code="p">000010446</subfield>
    <subfield code="r">2025-03-03 11:48:03</subfield>
    <subfield code="w">2025-03-03</subfield>
    <subfield code="y">BOOK</subfield>
  </datafield>
  <datafield tag="952" ind1=" " ind2=" ">
    <subfield code="0">0</subfield>
    <subfield code="1">0</subfield>
    <subfield code="2">ddc</subfield>
    <subfield code="3">&#x627;&#x644;&#x645;&#x62C;&#x644;&#x62F; &#x627;&#x644;&#x631;&#x627;&#x628;&#x639;</subfield>
    <subfield code="4">0</subfield>
    <subfield code="7">0</subfield>
    <subfield code="a">WAHAB</subfield>
    <subfield code="b">WAHAB</subfield>
    <subfield code="d">2025-03-03</subfield>
    <subfield code="l">0</subfield>
    <subfield code="o">332.1221 &#x62C; &#x627; &#x645;</subfield>
    <subfield code="p">000010447</subfield>
    <subfield code="r">2025-03-03 11:48:03</subfield>
    <subfield code="w">2025-03-03</subfield>
    <subfield code="y">BOOK</subfield>
  </datafield>
  <datafield tag="952" ind1=" " ind2=" ">
    <subfield code="0">0</subfield>
    <subfield code="1">0</subfield>
    <subfield code="2">ddc</subfield>
    <subfield code="3">&#x627;&#x644;&#x645;&#x62C;&#x644;&#x62F; &#x627;&#x644;&#x62B;&#x627;&#x646;&#x64A; </subfield>
    <subfield code="4">0</subfield>
    <subfield code="7">0</subfield>
    <subfield code="a">WAHAB</subfield>
    <subfield code="b">WAHAB</subfield>
    <subfield code="d">2025-06-03</subfield>
    <subfield code="l">0</subfield>
    <subfield code="o">332.1221 &#x62C; &#x627; &#x645;</subfield>
    <subfield code="p">000014306</subfield>
    <subfield code="r">2025-06-03 13:05:20</subfield>
    <subfield code="w">2025-06-03</subfield>
    <subfield code="y">BOOK</subfield>
  </datafield>
  <datafield tag="999" ind1=" " ind2=" ">
    <subfield code="c">6254</subfield>
    <subfield code="d">6254</subfield>
  </datafield>
</record>
